000 00763cam a2200217 a 4500
001 000003103
005 20200929150329.0
008 770623s1975 cu 000 0 spa
040 _aDO-SdBNP
_cDLC
_dDLC
082 _aCu864.4
_bG958p
100 1 _aGuillén, Nicolás,
_d1902-1989.
_95891
245 1 0 _aProsa de prisa, 1929-1972 /
_cNicolás Guillén ; compilador, prólogo y notas, Ángel Augier ; edición, Evaristo García.
260 _aLa Habana :
_bArte y Literatura,
_c1975.
300 _a3 t. ;
_c24 cm.
440 0 _aLetras cubanas
_99778
650 4 _aEnsayos cubanos
_95691
650 4 _aLiteratura cubana
_91483
700 1 _aAugier, Ángel I. ;
_d1910-
_ecomp.
_99779
700 1 _aGarcía, Evaristo
_eed.
_99780
910 _aCatalogación por copia / LC
999 _c2934
_d2934